La collezione epigrafica di Camilo Pellegrino a Casapulla
Saved in:
| Main Authors: | , |
|---|---|
| Format: | Bog |
| Sprog: | italiensk |
| Udgivet: |
Roma
Edizioni Quasar
2007
|
| Udgivelse: | 1a. ed |
| Fag: | |
| Tags: |
Tilføj Tag
Ingen Tags, Vær først til at tagge denne postø!
|
MARC
| LEADER | 00000cam a2200000 a 4500 | ||
|---|---|---|---|
| 001 | UCD9311 | ||
| 003 | CL-VaPUC | ||
| 008 | 170616e20070000it |||||||||||||||||ita|d | ||
| 020 | |a 987887140338X | ||
| 082 | 0 | 4 | |a 411.7 |b CHI |2 21 |
| 100 | 0 | |a Chioffi, Laura |e author |9 593017 | |
| 700 | 0 | |a Ronga, Pia |e author |9 593018 | |
| 245 | 1 | 3 | |a La collezione epigrafica di Camilo Pellegrino a Casapulla |
| 250 | |a 1a. ed | ||
| 300 | |a 45 p | ||
| 942 | |c BK | ||
| 945 | |d 20170616 21:05:00 |a dcastane | ||
| 260 | |a Roma |b Edizioni Quasar |c 2007 | ||
| 650 | 7 | |a EPIGRAFIA LATINA |2 CL-VaPUC |9 439909 | |
| 650 | 0 | |a Escrituras antiguas |9 340321 | |
| 583 | |a last modification |c 20170616 21:05:00 |k Rodrigo Vera | ||
| 999 | |c 368541 |d 368539 | ||
| 952 | |0 0 |1 0 |3 erb |4 0 |6 411_700000000000000_CHI_2007 |7 0 |8 A |9 483895 |a FDOLAF |b FDOLAF |e Laffi, Umberto, 1939- |i 5397375 |o 411.7 CHI 2007 |p 5397375 |r 2024-01-30 |w 2019-11-24 |y BK |z Catalogado en:20170616 |k LAF | ||